Slices of library automation / (Record no. 5001)

MARC details
000 -LEADER
fixed length control field 00499 a2200169 4500
010 ## - LCCN (DPL NO)
LC control number ENG-86611
020 ## - INTERNATIONAL STANDARD BOOK NUMBER
International Standard Book Number 8190396129
Terms of availability 425.00
035 ## - SYSTEM CONTROL NUMBER
System control number EN-70144
037 ## - SOURCE OF ACQUISITION
Source of stock number/acquisition DBAD / PUB
082 14 - DEWEY DECIMAL CLASSIFICATION NUMBER
Classification number 025.04
100 ## - MAIN ENTRY--PERSONAL NAME
Personal name Thapa, Neelam
245 1# - TITLE STATEMENT
Title Slices of library automation /
Statement of responsibility, etc by Neelam Thapa
260 ## - PUBLICATION, DISTRIBUTION, ETC. (IMPRINT)
Place of publication, distribution, etc Agra
Name of publisher, distributor, etc Y.K. Publishers
Date of publication, distribution, etc 2007
270 ## - ADDRESS
Address Block-77, Sanjay Place,
City Agra
Postal code 282 002
State or province U. P.
Telephone number 0562-2853506
300 ## - PHYSICAL DESCRIPTION
Extent 166p
Dimensions 22cm (Hb)
942 ## - ADDED ENTRY ELEMENTS (KOHA)
Institution code [OBSOLETE] dpl
Item type English Books
Source of classification or shelving scheme Dewey Decimal Classification
Classification part 025.04
Call number suffix THA
Holdings
Withdrawn status Lost status Not for loan Collection code Home library Current library Source of acquisition Cost, normal purchase price Full call number Barcode Copy number Cost, replacement price Koha item type
    Not For Loan Non-fiction D.B.Act.Division D.B.Act.Division DBAD/PUB 425.00 025.04 THA EN-70144 1 425.00 English Books

© Delhi Public Library
Hit Counter
free hit counter